• AIU
  • Tony Wilmot Memorial Library

Programming Perl / (Record no. 59247)

MARC details
000 -LEADER
fixed length control field 01106cam a2200325 a 4500
001 - CONTROL NUMBER
control field 17259930
003 - CONTROL NUMBER IDENTIFIER
control field OSt
005 - DATE AND TIME OF LATEST TRANSACTION
control field 20140613163225.0
008 - FIXED-LENGTH DATA ELEMENTS--GENERAL INFORMATION
fixed length control field 120417s2012 ch a b 001 0 eng
010 ## - LIBRARY OF CONGRESS CONTROL NUMBER
LC control number 2012392268
020 ## - INTERNATIONAL STANDARD BOOK NUMBER
International Standard Book Number 9780596004927
040 ## - CATALOGING SOURCE
Original cataloging agency DLC
Transcribing agency DLC
Modifying agency DLC
042 ## - AUTHENTICATION CODE
Authentication code pcc
050 00 - LIBRARY OF CONGRESS CALL NUMBER
Classification number QA76.73.P22
Item number W35 2012
082 00 - DEWEY DECIMAL CLASSIFICATION NUMBER
Classification number 005.13/3
Edition number 23
100 1# - MAIN ENTRY--PERSONAL NAME
Personal name Christiansen, Tom.
9 (RLIN) 27678
245 10 - TITLE STATEMENT
Title Programming Perl /
Statement of responsibility, etc Tom Christiansen, Brian D. Foy & Larry Wall.
250 ## - EDITION STATEMENT
Edition statement 4th ed.
260 ## - PUBLICATION, DISTRIBUTION, ETC. (IMPRINT)
Place of publication, distribution, etc Beijing ;
-- Sebastopol :
Name of publisher, distributor, etc O'Reilly,
Date of publication, distribution, etc c2012.
300 ## - PHYSICAL DESCRIPTION
Extent xli, 1130 p. :
Other physical details ill. ;
Dimensions 24 cm.
500 ## - GENERAL NOTE
General note Rev. ed. of: Programming Perl / Larry Wall, Tom Christiansen & Jon Orwant. 2000. 3rd ed.
504 ## - BIBLIOGRAPHY, ETC. NOTE
Bibliography, etc Includes bibliographical references and index.
650 #0 - SUBJECT ADDED ENTRY--TOPICAL TERM
Topical term or geographic name as entry element Perl (Computer program language)
9 (RLIN) 27679
700 1# - ADDED ENTRY--PERSONAL NAME
Personal name Foy, Brian D.
9 (RLIN) 27680
700 1# - ADDED ENTRY--PERSONAL NAME
Personal name Wall, Larry.
9 (RLIN) 27681
700 1# - ADDED ENTRY--PERSONAL NAME
Personal name Wall, Larry.
Title of a work Programming Perl.
9 (RLIN) 27682
906 ## - LOCAL DATA ELEMENT F, LDF (RLIN)
a 7
b cbc
c origcop
d 2
e ncip
f 20
g y-gencatlg
942 ## - ADDED ENTRY ELEMENTS (KOHA)
Source of classification or shelving scheme Library of Congress Classification
Koha item type Books
Holdings
Withdrawn status Lost status Source of classification or shelving scheme Damaged status Not for loan Collection code Home library Current library Shelving location Date acquired Source of acquisition Cost, normal purchase price Total Checkouts Full call number Barcode Date last seen Copy number Price effective from Koha item type
    Library of Congress Classification     General Circulation AIU/NEGST - Tony Wilmot Memorial Library AIU/NEGST - Tony Wilmot Memorial Library General Stacks 06/13/2014 Purchase - Through TBN 29.99   QA 76.73.P22W35 2012 R29345K3232 09/26/2019 1 06/13/2014 Books